| 000 | 00773nam 22002293 4500 | ||
|---|---|---|---|
| 001 | 200387 | ||
| 090 | _a200387 | ||
| 100 | _a20260204d u||y0pory50 ba | ||
| 200 |
_aA mãe e a criança _fDr. Isidro Aguilar, Dra H. Galbes de Aguilar |
||
| 205 | _a1ª | ||
| 210 |
_aSacavém _cPublicadora Atlântico _d[19--?] |
||
| 215 |
_a2 v. (1170, [4] p.) _cil. ; encadernado _d25 cm |
||
| 225 | _aPrincípios de vida | ||
| 300 | _a.- prólogo da edição espanhola pelo Professor Jose Botella Llusia | ||
| 305 | _a.- 1ª edição Portuguesa atualizada e aumentada | ||
| 606 |
_93658 _aMedicina _xSaúde e Bem-estar |
||
| 675 |
_a61 _vPT _zpor |
||
| 700 |
_916194 _aAguilar _bIsidro |
||
| 701 |
_916195 _aAguilar _bH. Galbes de |
||
| 801 |
_aPT _bBMMN _gRPC |
||
| 830 |
_cAna _fAna |
||
| 990 | _cLIVROS | ||